ARRUPE JESUIT UNIVERSITY

CORONAVIRUS -STOP THE SPREAD - CLEAN,DISINFECT,COVER

The way to freedom : (Record no. 119826)

MARC details
000 -LEADER
fixed length control field 00925nam a2200265 a 4500
001 - CONTROL NUMBER
control field 4698459
003 - CONTROL NUMBER IDENTIFIER
control field ARRUPE
005 - DATE AND TIME OF LATEST TRANSACTION
control field 20140131124908.0
008 - FIXED-LENGTH DATA ELEMENTS--GENERAL INFORMATION
fixed length control field 820615s1982 nyua 000 0 eng
010 ## - LIBRARY OF CONGRESS CONTROL NUMBER
LC control number 82060852
020 ## - INTERNATIONAL STANDARD BOOK NUMBER
International Standard Book Number 0809124769 (pbk.) :
Terms of availability $7.95
040 ## - CATALOGING SOURCE
Original cataloging agency DLC
Transcribing agency DLC
Modifying agency DLC
041 1# - LANGUAGE CODE
Language code of text/sound track or separate title engspa
050 00 - LIBRARY OF CONGRESS CALL NUMBER
Classification number BL627
Item number .C2413 1982
082 00 - DEWEY DECIMAL CLASSIFICATION NUMBER
Classification number 248.3/4
Edition number 19
300 ## - PHYSICAL DESCRIPTION
Other physical details ill. ;
Dimensions 23 cm.
100 1# - MAIN ENTRY--PERSONAL NAME
Personal name Caballero, Nicolás.
9 (RLIN) 7513
240 10 - UNIFORM TITLE
Uniform title <a href="Meditación.">Meditación.</a>
Language of a work English
245 14 - TITLE STATEMENT
Title The way to freedom :
Remainder of title meditation, oriental approach, and Christian content /
Statement of responsibility, etc by Nicolás Caballero ; translated by Colette Joly Dees.
260 ## - PUBLICATION, DISTRIBUTION, ETC. (IMPRINT)
Place of publication, distribution, etc New York :
Name of publisher, distributor, etc Paulist Press,
Date of publication, distribution, etc c1982.
300 ## - PHYSICAL DESCRIPTION
Extent 152 p. :
500 ## - GENERAL NOTE
General note Translation of: La meditación, which was originally issued as v. 3 of El camino de la libertad.
650 #0 - SUBJECT ADDED ENTRY--TOPICAL TERM
Topical term or geographic name as entry element Meditation.
9 (RLIN) 7514
906 ## - LOCAL DATA ELEMENT F, LDF (RLIN)
a 7
b cbc
c orignew
d 3
e opcn
f 19
g y-gencatlg
942 ## - ADDED ENTRY ELEMENTS (KOHA)
Source of classification or shelving scheme Library of Congress Classification
Koha item type Monograph ( Printed materials)
Holdings
Withdrawn status Lost status Source of classification or shelving scheme Damaged status Not for loan Collection code Home library Current library Shelving location Date acquired Total Checkouts Full call number Barcode Date last seen Price effective from Koha item type
    Library of Congress Classification     Main Collection ARRUPE LIBRARY ARRUPE LIBRARY Main Collection 31/01/2014   BL627 .C2413 1982 46412061 01/08/2016 31/01/2014 Monograph ( Printed materials)

 

Arrupe Library. PO Box MP320 Mt Pleasant, Harare, Zimbabwe
263 242 745411|librarian@aju.ac.zw